les 15 pays avec le plus d'arme par habitants - Statistiques

Statistiques générales
  • Ce quiz a été pris 76 fois
  • Le résultat moyen est 5 sur 15
Statistiques - réponses
Pays % Correct
1 usa
96%
11 canada
59%
7 irak
46%
13 allemagne
31%
4 suisse
30%
3 yemen
27%
5 arabie saoudite
24%
6 finlande
24%
10 norvège
24%
9 suede
24%
12 autriche
23%
2 serbie
20%
15 koweit
17%
14 oman
17%
8 uruguay
6%
Aucun quiz correspondant
Distribution des résultats
% des personnes avec chaque résultat
Percentile par nombre de réponses
Votre historique - résultats
Vous n’avez pas pris ce quiz